Un día de pesca /

Đã lưu trong:
Chi tiết về thư mục
Định dạng: Sách
Ngôn ngữ:Tiếng Tây Ban Nha
Được phát hành: Montreal, Canadá : EUA : Brimar ; Walt Disney, 1994, c1994
Loạt:(Winnie Puh y sus Amigos)
Những chủ đề:
Các nhãn: Thêm thẻ
Không có thẻ, Là người đầu tiên thẻ bản ghi này!

MARC

LEADER 00000nam^a2200000^a^4500
001 000092494
005 20250521000000.0
009 20260310092724.436
037 |a Acervo ITESO - Biblioteca 
041 |a ESP 
082 |a 808. 899282  |b WIN 
240 1 1 |a [Winnie Puh y sus Amigos] 
245 0 3 |a Un día de pesca /  |c Il. de Atelier Philippe Harchy. 
264 4 |a Montreal, Canadá :  |b Brimar ;  |a EUA :  |b Walt Disney,  |c 1994, c1994 
300 |a 1 folleto ([4] p.) 
336 |a texto  |b txt  |2 rdacontenido 
337 |a sin mediación  |b n  |2 rdamedio 
338 |a volumen  |b nc  |2 rdasoporte 
440 1 |a (Winnie Puh y sus Amigos) 
649 |a XX 
650 |a Literatura Infantil 
650 |a Literatura Norteamericana -  |y Siglo XX 
910 |a Fondo General 
920 |a Impresos - Libros 
930 |a Colección General 
940 |a Literatura 
905 |a 101 
901 |a 0500027501  |b IT1  |c LIT  |u 20250521 
902 |a https://opac.biblio.iteso.mx/vufind/Record/000092494